Lingua TOEFL CBT : practice test book (Record no. 175103)

MARC details
000 -LEADER
fixed length control field 00433nam a2200157Ia 4500
008 - FIXED-LENGTH DATA ELEMENTS--GENERAL INFORMATION
fixed length control field 231217s9999 xx 000 0 und d
041 ## - LANGUAGE CODE
Language code of text/sound track or separate title English
082 ## - DEWEY DECIMAL CLASSIFICATION NUMBER
Classification number 425.076 LIN;2 R1
100 ## - MAIN ENTRY--PERSONAL NAME
Personal name Lingua, Forum
245 #0 - TITLE STATEMENT
Title Lingua TOEFL CBT : practice test book
260 ## - PUBLICATION, DISTRIBUTION, ETC.
Date of publication, distribution, etc. 2003
Name of publisher, distributor, etc. Dreamtech press
Place of publication, distribution, etc. New Delhi
300 ## - PHYSICAL DESCRIPTION
Extent ix+617
300 ## - PHYSICAL DESCRIPTION
Dimensions AC34, AC35, AC36, CD2083, CD2084
650 ## - SUBJECT ADDED ENTRY--TOPICAL TERM
Topical term or geographic name entry element Lingua,TOEFL,CBT,:,test
942 ## - ADDED ENTRY ELEMENTS (KOHA)
Koha item type Books
Holdings
Date last seen Total checkouts Full call number Accession number Cost, total (INR) price Price effective from Category Lost status Damaged status Department Withdrawn status Home library Current library Shelving location Entry date Vendor Cost, normal purchase price Grants Billnumber Billdate Currency symbol Conversion rate Discount Old discount
26/01/2024   425.076 LIN;2 R1 35012 319.20 26/01/2024 Books     F-Block Annex   Central Library Central Library F-Block Library Annex 24/05/2005 Sapna Book House 399.00 GEN 27805 07/04/2003 RS 1 79.8 20
26/01/2024   425.076 LIN;3 35013 319.20 26/01/2024 Books     F-Block Annex   Central Library Central Library F-Block Library Annex 24/05/2005 Sapna Book House 399.00 GEN 27805 07/04/2003 RS 1 79.8 20

© For any Suggestions or Query, please contact the library staff @ librarian@pes.edu or Phone: +9180 2672 1983/ 2108.